Sports Quiz

Random Sports or MLB Quiz

MLB Teams Quiz Stats

Quiz not verified by Sporcle

Also try: NFL Leaders (2015)
Challenge
Share
Tweet
Embed
Score 0/30 Timer 10:00
0 Plays Today
% Correct
Houston Astros
98.6%
Los Angeles Angels
98.6%
Los Angeles Dodgers
98.6%
Oakland Athletics
97.3%
Seattle Mariners
97.3%
Texas Rangers
97.3%
Chicago White Sox
97.3%
Detroit Tigers
97.3%
Kansas City Royals
97.3%
Minnesota Twins
97.3%
Boston Red Sox
97.3%
Tampa Bay Rays
97.3%
Toronto Blue Jays
97.3%
Arizona Diamondbacks
97.3%
Colorado Rockies
97.3%
% Correct
San Diego Padres
97.3%
San Francisco Giants
97.3%
Chicago Cubs
97.3%
Cincinnati Reds
97.3%
Milwaukee Brewers
97.3%
St. Louis Cardinals
97.3%
Atlanta Braves
97.3%
Miami Marlins
97.3%
New York Mets
97.3%
Philadelphia Phillies
97.3%
Washington Nationals
97.3%
Cleveland Indians
95.9%
Baltimore Orioles
95.9%
New York Yankees
95.9%
Pittsburgh Pirates
95.9%

You're not logged in!

Compare scores with friends on all Sporcle quizzes.
Sign Up with Email
OR
Log In

You Might Also Like...

Show Comments

Extras

Top Quizzes Today


Score Distribution

Your Account Isn't Verified!

In order to create a playlist on Sporcle, you need to verify the email address you used during registration. Go to your Sporcle Settings to finish the process.